<?xml version="1.0" encoding="UTF-8"?>
<record
    xmlns:xsi="http://www.w3.org/2001/XMLSchema-instance"
    xsi:schemaLocation="http://www.loc.gov/MARC21/slim http://www.loc.gov/standards/marcxml/schema/MARC21slim.xsd"
    xmlns="http://www.loc.gov/MARC21/slim">

  <leader>01468nam a22002897a 4500</leader>
  <datafield tag="952" ind1=" " ind2=" ">
    <subfield code="0">0</subfield>
    <subfield code="1">0</subfield>
    <subfield code="2">lcc</subfield>
    <subfield code="4">0</subfield>
    <subfield code="7">0</subfield>
    <subfield code="a">08</subfield>
    <subfield code="b">08</subfield>
    <subfield code="d">0000-00-00</subfield>
    <subfield code="l">7</subfield>
    <subfield code="o">Q180.A1  G643 2015</subfield>
    <subfield code="p">08 006209</subfield>
    <subfield code="r">2024-01-02</subfield>
    <subfield code="s">2023-11-15</subfield>
    <subfield code="t">1</subfield>
    <subfield code="w">2017-11-03</subfield>
    <subfield code="y">LB</subfield>
  </datafield>
  <datafield tag="952" ind1=" " ind2=" ">
    <subfield code="0">0</subfield>
    <subfield code="1">0</subfield>
    <subfield code="4">0</subfield>
    <subfield code="7">0</subfield>
    <subfield code="a">09</subfield>
    <subfield code="b">09</subfield>
    <subfield code="d">2018-10-10</subfield>
    <subfield code="l">0</subfield>
    <subfield code="o">Q180.A1 G65 2015</subfield>
    <subfield code="p">09 005042</subfield>
    <subfield code="r">2018-10-10</subfield>
    <subfield code="t">1</subfield>
    <subfield code="w">2018-10-10</subfield>
    <subfield code="y">LB</subfield>
  </datafield>
  <datafield tag="952" ind1=" " ind2=" ">
    <subfield code="0">0</subfield>
    <subfield code="1">0</subfield>
    <subfield code="4">0</subfield>
    <subfield code="7">0</subfield>
    <subfield code="a">01</subfield>
    <subfield code="b">01</subfield>
    <subfield code="d">2018-10-19</subfield>
    <subfield code="l">0</subfield>
    <subfield code="o">001.42 G643m 2015</subfield>
    <subfield code="p">01 014453</subfield>
    <subfield code="r">2018-10-19</subfield>
    <subfield code="t">1</subfield>
    <subfield code="w">2018-10-19</subfield>
    <subfield code="y">LB</subfield>
  </datafield>
  <datafield tag="952" ind1=" " ind2=" ">
    <subfield code="0">0</subfield>
    <subfield code="1">0</subfield>
    <subfield code="4">0</subfield>
    <subfield code="7">0</subfield>
    <subfield code="a">07</subfield>
    <subfield code="b">07</subfield>
    <subfield code="d">2018-10-30</subfield>
    <subfield code="l">0</subfield>
    <subfield code="o">Q180.A1 G65 2015</subfield>
    <subfield code="p">07 006548</subfield>
    <subfield code="r">2018-10-30</subfield>
    <subfield code="t">1</subfield>
    <subfield code="w">2018-10-30</subfield>
    <subfield code="y">LB</subfield>
  </datafield>
  <datafield tag="952" ind1=" " ind2=" ">
    <subfield code="0">0</subfield>
    <subfield code="1">0</subfield>
    <subfield code="4">0</subfield>
    <subfield code="7">0</subfield>
    <subfield code="a">22</subfield>
    <subfield code="b">22</subfield>
    <subfield code="d">2018-11-13</subfield>
    <subfield code="l">1</subfield>
    <subfield code="o">Q180.A1 G65 2015</subfield>
    <subfield code="p">06 004160</subfield>
    <subfield code="r">2019-12-03</subfield>
    <subfield code="s">2019-12-03</subfield>
    <subfield code="t">1</subfield>
    <subfield code="w">2018-11-13</subfield>
    <subfield code="y">LB</subfield>
  </datafield>
  <datafield tag="952" ind1=" " ind2=" ">
    <subfield code="0">0</subfield>
    <subfield code="1">0</subfield>
    <subfield code="4">0</subfield>
    <subfield code="7">0</subfield>
    <subfield code="a">01</subfield>
    <subfield code="b">01</subfield>
    <subfield code="d">2019-01-18</subfield>
    <subfield code="l">1</subfield>
    <subfield code="o">001.42 G643m 2015</subfield>
    <subfield code="p">01 014785</subfield>
    <subfield code="r">2022-11-03</subfield>
    <subfield code="s">2022-11-03</subfield>
    <subfield code="t">2</subfield>
    <subfield code="w">2019-01-18</subfield>
    <subfield code="y">LB</subfield>
  </datafield>
  <datafield tag="999" ind1=" " ind2=" ">
    <subfield code="c">102690</subfield>
    <subfield code="d">102690</subfield>
  </datafield>
  <controlfield tag="008">171103s2015    mx ||||| |||| 00| 0 spa d</controlfield>
  <datafield tag="020" ind1=" " ind2=" ">
    <subfield code="a">9786071723468</subfield>
  </datafield>
  <datafield tag="050" ind1="0" ind2="4">
    <subfield code="a">Q180.A1</subfield>
    <subfield code="b">G65 2015</subfield>
  </datafield>
  <datafield tag="082" ind1="0" ind2="4">
    <subfield code="a">001.42</subfield>
    <subfield code="b">G643m 2015</subfield>
  </datafield>
  <datafield tag="100" ind1="1" ind2=" ">
    <subfield code="a">Gonz&#xE1;lez Reyna, Susana</subfield>
    <subfield code="e">autor</subfield>
  </datafield>
  <datafield tag="245" ind1="1" ind2="0">
    <subfield code="a">Manual de investigaci&#xF3;n documental y redacci&#xF3;n</subfield>
    <subfield code="c"> / Susana Gonz&#xE1;lez Reyna</subfield>
  </datafield>
  <datafield tag="250" ind1=" " ind2=" ">
    <subfield code="a">6a edici&#xF3;n</subfield>
  </datafield>
  <datafield tag="260" ind1=" " ind2=" ">
    <subfield code="a">M&#xE9;xico</subfield>
    <subfield code="b">: Trillas</subfield>
    <subfield code="c">, 2015</subfield>
  </datafield>
  <datafield tag="300" ind1=" " ind2=" ">
    <subfield code="a">206 p&#xE1;ginas</subfield>
    <subfield code="b"> : ilustraciones</subfield>
  </datafield>
  <datafield tag="500" ind1=" " ind2=" ">
    <subfield code="a">Incluye: &#xED;ndice anal&#xED;tico (pp. 215-2018)</subfield>
  </datafield>
  <datafield tag="505" ind1=" " ind2=" ">
    <subfield code="a">Lenguaje
Pensamiento
Sem&#xE1;ntica
Ortograf&#xED;a y morfosintaxis
Formas de la expresi&#xF3;n ling&#xFC;&#xED;stica
Composici&#xF3;n
La investigaci&#xF3;n cient&#xED;fica 1. El m&#xE9;todo
La investigaci&#xF3;n cient&#xED;fica 2. Las t&#xE9;cnicas</subfield>
  </datafield>
  <datafield tag="519" ind1=" " ind2=" ">
    <subfield code="a">Bach UIN /</subfield>
    <subfield code="c">Taller de lectura y redacci&#xF3;n I y II /</subfield>
    <subfield code="d">(08 006209)</subfield>
  </datafield>
  <datafield tag="519" ind1=" " ind2=" ">
    <subfield code="a">Material Complementario /</subfield>
    <subfield code="c">Negocios Internacionales /</subfield>
    <subfield code="d">(09 005042)</subfield>
  </datafield>
  <datafield tag="519" ind1=" " ind2=" ">
    <subfield code="a">Plan Flexible /</subfield>
    <subfield code="b">Periodismos y Medios Digitales /</subfield>
    <subfield code="c">Metodolog&#xED;a de la Investigaci&#xF3;n (M01-2) /</subfield>
    <subfield code="d">(01 014453)</subfield>
  </datafield>
  <datafield tag="519" ind1=" " ind2=" ">
    <subfield code="a">Material Complementario /</subfield>
    <subfield code="b">Negocios Internacionales /</subfield>
    <subfield code="d">(07 006547)</subfield>
  </datafield>
  <datafield tag="519" ind1=" " ind2=" ">
    <subfield code="a">Material Complementario /</subfield>
    <subfield code="b">Negocios Internacionales /</subfield>
    <subfield code="d">(06 004160)</subfield>
  </datafield>
  <datafield tag="519" ind1=" " ind2=" ">
    <subfield code="a">Material Complementario /</subfield>
    <subfield code="b">Negocios Internacionales /</subfield>
    <subfield code="d">(01 014785)</subfield>
  </datafield>
  <datafield tag="650" ind1="1" ind2="4">
    <subfield code="a">METODOLOG&#xCD;A DE LA INVESTIGACI&#xD3;N</subfield>
  </datafield>
  <datafield tag="650" ind1="2" ind2="4">
    <subfield code="a">REDACCI&#xD3;N DE INFORMES</subfield>
  </datafield>
  <datafield tag="942" ind1=" " ind2=" ">
    <subfield code="c">LB</subfield>
  </datafield>
</record>
